K problematike zrážkovej dane pri obstaraní softwaru zo zahraničia

Príspevok sa zaoberá otázkou, v ktorých prípadoch je platiteľ dane z príjmov povinný uplatniť daň zrážkou pri platbách za obstaranie softwaru zo zahraničia (tzv. cross-border software). Software z hľadiska obchodného práva. Cross-border software podľa slovenských daňových predpisov. Cross-border sof...

Ausführliche Beschreibung

Gespeichert in:
Bibliographische Detailangaben
1. Verfasser: Frimmelová, A.
Format: Buchkapitel
Sprache:Slowakisch
Schlagworte:
Tags: Tag hinzufügen
Keine Tags, Fügen Sie das erste Tag hinzu!

MARC

LEADER 00000naa a2200000 4500
001 r020707
005 20230811094905.0
041 0 |a slo 
044 |a SK 
245 1 0 |a K problematike zrážkovej dane pri obstaraní softwaru zo zahraničia  |c A. Frimmelová 
520 |a Príspevok sa zaoberá otázkou, v ktorých prípadoch je platiteľ dane z príjmov povinný uplatniť daň zrážkou pri platbách za obstaranie softwaru zo zahraničia (tzv. cross-border software). Software z hľadiska obchodného práva. Cross-border software podľa slovenských daňových predpisov. Cross-border software vo svetle Vzorovej zmluvy OECD. Klasifikácia platieb za software podľa komentára k VZ OECD. Príklady zdaňovania platieb za software. Prevod práv na použitie software v rámci zmiešaných zmlúv. 
610 2 0 |a softvér 
610 2 0 |a právo obchodné 
610 2 0 |a dane 
610 2 0 |a dane z príjmov 
610 2 0 |a poplatky 
610 2 0 |a licencie 
610 2 0 |a právo autorské 
610 2 0 |a klasifikácia 
610 2 0 |a zmluvy 
610 2 0 |a zdanenie dvojité 
610 2 0 |a OECD 
100 1 |a Frimmelová, A.